[Event "Bayern-ch Seniors 25th"]
[Site "Bergen"]
[Date "2013.06.21"]
[Round "8.47"]
[White "Vogel, Paul"]
[Black "Walther, Margareta"]
[Result "1/2-1/2"]
[WhiteElo "1384"]
[BlackElo "1478"]
[PlyCount "80"]
[EventDate "2013.06.15"]
[EventType "swiss"]
[EventRounds "9"]
[EventCountry "GER"]
[SourceTitle "EXT 2022"]
[Source "ChessBase"]
[SourceDate "2021.10.06"]
[SourceVersion "1"]
[SourceVersionDate "2021.10.06"]
[SourceQuality "1"]

1. f4 d5 2. Nf3 e6 3. e3 Bd6 4. b3 Nf6 5. Ba3 Ne4 6. Bxd6 Nxd6 7. Nc3 Nd7 8. Bd3 0-0 9. Qe2 f5 10. 0-0-0 Nf6 11. h3 Nde4 12. Bxe4 dxe4 13. Ne5 Qe7 14. Kb1 Rd8 15. g4 g6 16. h4 Nd7 17. g5 Nxe5 18. fxe5 Qc5 19. h5 Qxe5 20. hxg6 hxg6 21. Rh2 Bd7 22. Rdh1 a6 23. Rh8+ Qxh8 24. Rxh8+ Kxh8 25. Qh2+ Kg8 26. Qh6 Be8 27. Kc1 Rd7 28. Qh2 Rh7 29. Qe5 Re7 30. Ne2 Rd8 31. Nf4 Rd6 32. c4 Bf7 33. Nd5 exd5 34. Qxe7 dxc4 35. Qxc7 Rc6 36. Qd8+ Kh7 37. bxc4 Rxc4+ 38. Kd1 b5 39. Qe7 Kg8 40. Qd8+ Kh7 1/2-1/2

[Event "Bayern-ch Seniors 25th"]
[Site "Bergen"]
[Date "2013.06.18"]
[Round "5.34"]
[White "Walther, Margareta"]
[Black "Baumgartner, Andreas"]
[Result "0-1"]
[WhiteElo "1478"]
[BlackElo "1663"]
[PlyCount "76"]
[EventDate "2013.06.15"]
[EventType "swiss"]
[EventRounds "9"]
[EventCountry "GER"]
[SourceTitle "EXT 2022"]
[Source "ChessBase"]
[SourceDate "2021.10.06"]
[SourceVersion "1"]
[SourceVersionDate "2021.10.06"]
[SourceQuality "1"]

1. d4 d5 2. e3 e6 3. Bd3 Nf6 4. Nd2 c5 5. c3 Nc6 6. f4 cxd4 7. exd4 g6 8. Ndf3 Bg7 9. Ne5 Ne4 10. Ngf3 f6 11. Ng4 0-0 12. Ne3 e5 13. fxe5 fxe5 14. Qb3 Na5 15. Qxd5+ Qxd5 16. Nxd5 Bf5 17. Ne7+ Kh8 18. Nxf5 gxf5 19. Nxe5 Bxe5 20. dxe5 Nc6 21. Bf4 Rae8 22. 0-0 Nc5 23. Bc4 Nxe5 24. Bxe5+ Rxe5 25. Rae1 Rfe8 26. Rxe5 Rxe5 27. g3 Kg7 28. Kg2 b6 29. Kf3 Ne4 30. Rd1 Re7 31. Rd4 Kf6 32. Kf4 Rg7 33. Rd5 Rg4+ 34. Kf3 Ng5+ 35. Ke3 Rxc4 36. Rd7 Re4+ 37. Kd3 Re7 38. Rd4 a5 0-1

[Event "MVP-ch Seniors op 12th"]
[Site "Binz"]
[Date "2012.11.28"]
[Round "1"]
[White "Walther, Margareta"]
[Black "Jabbusch, Burkhard"]
[Result "0-1"]
[WhiteElo "1448"]
[BlackElo "1841"]
[PlyCount "56"]
[EventDate "2012.11.28"]
[EventType "swiss"]
[EventRounds "9"]
[EventCountry "GER"]
[SourceTitle "EXT 2014"]
[Source "ChessBase"]
[SourceDate "2013.11.20"]
[SourceVersion "1"]
[SourceVersionDate "2013.11.20"]
[SourceQuality "1"]

1. d4 f5 2. h3 d5 3. f4 Nf6 4. Nf3 c5 5. e3 Nc6 6. Be2 e6 7. 0-0 cxd4 8. exd4 Bd6 9. Ne5 Qb6 10. c3 Nxe5 11. fxe5 Bxe5 12. Nd2 0-0 13. Kh1 Bd6 14. Nf3 Ne4 15. Kg1 Bd7 16. Bd3 Qc7 17. Re1 h6 18. Be3 Rf6 19. Qc2 g5 20. Bxe4 fxe4 21. Nd2 b5 22. Qd1 Raf8 23. Qh5 Kg7 24. h4 Bf4 25. hxg5 hxg5 26. Nb3 Rh8 27. Qe2 Bh2+ 28. Kh1 Bg1+ 0-1

[Event "GER-chT Seniors 21st"]
[Site "Berlin"]
[Date "2012.09.12"]
[Round "3.51"]
[White "Biller, Helmut"]
[Black "Walther, Margareta"]
[Result "1-0"]
[WhiteElo "1975"]
[BlackElo "1485"]
[PlyCount "71"]
[EventDate "2012.09.10"]
[EventType "team-swiss"]
[EventRounds "7"]
[EventCountry "GER"]
[SourceTitle "CBM 150 Extra"]
[Source "ChessBase"]
[SourceDate "2012.10.19"]
[SourceVersion "1"]
[SourceVersionDate "2012.10.19"]
[SourceQuality "1"]
[WhiteTeam "Hessen Seniors II"]
[BlackTeam "Bayern Seniors II"]
[WhiteTeamCountry "GER"]
[BlackTeamCountry "GER"]

1. d4 d5 2. Nf3 e6 3. c4 c6 4. g3 f5 5. Bg2 Nf6 6. 0-0 Bd6 7. Qc2 0-0 8. Nbd2 Ne4 9. Ne5 Nd7 10. Nd3 Qf6 11. e3 Qh6 12. Re1 Ndf6 13. Nf1 Bd7 14. f3 Ng5 15. h4 Nf7 16. e4 Qg6 17. e5 Nh5 18. exd6 Nxg3 19. Nf4 Qf6 20. Nxg3 Qxh4 21. Qf2 Rae8 22. c5 Nd8 23. Nf1 Qf6 24. Nd3 g5 25. Ne5 Qg7 26. Nxd7 Qxd7 27. Bxg5 Rf7 28. Bxd8 Qxd8 29. f4 Rg7 30. Re3 Kf7 31. Rg3 Rxg3 32. Nxg3 Rg8 33. Re1 Qf6 34. Kf1 Qh4 35. Ne4 Qh2 36. Ng5+ 1-0

[Event "GER-chT Seniors 21st"]
[Site "Berlin"]
[Date "2012.09.11"]
[Round "2.133"]
[White "Walther, Margareta"]
[Black "Swoboda, Peter"]
[Result "0-1"]
[WhiteElo "1485"]
[BlackElo "1863"]
[PlyCount "46"]
[EventDate "2012.09.10"]
[EventType "team-swiss"]
[EventRounds "7"]
[EventCountry "GER"]
[SourceTitle "CBM 150 Extra"]
[Source "ChessBase"]
[SourceDate "2012.10.19"]
[SourceVersion "1"]
[SourceVersionDate "2012.10.19"]
[SourceQuality "1"]
[WhiteTeam "Bayern Seniors II"]
[BlackTeam "Sachsen Anhalt Seniors II"]
[WhiteTeamCountry "GER"]
[BlackTeamCountry "GER"]

1. d4 d5 2. e3 Nf6 3. f4 e6 4. Bd3 c5 5. c3 Be7 6. Nf3 0-0 7. 0-0 b6 8. Ne5 Bb7 9. g4 Ne4 10. g5 Nd7 11. Nd2 f6 12. g6 fxe5 13. gxh7+ Kh8 14. fxe5 Rxf1+ 15. Bxf1 Qf8 16. Nf3 Qf5 17. Qe2 Rf8 18. Bg2 Qg4 19. Kh1 Bh4 20. Bd2 Nxd2 21. Rg1 Nxf3 22. Bxf3 Qxf3+ 23. Qg2 Kxh7 0-1

[Event "Bad Woerishofen Seniors op 28th"]
[Site "Bad Woerishofen"]
[Date "2012.03.09"]
[Round "8.46"]
[White "Barlo, Werner"]
[Black "Walther, Margareta"]
[Result "0-1"]
[WhiteElo "1637"]
[BlackElo "1438"]
[PlyCount "108"]
[EventDate "2012.03.02"]
[EventType "swiss"]
[EventRounds "9"]
[EventCountry "GER"]
[SourceTitle "EXT 2022"]
[Source "ChessBase"]
[SourceDate "2021.10.06"]
[SourceVersion "1"]
[SourceVersionDate "2021.10.06"]
[SourceQuality "1"]

1. d4 d5 2. c4 e6 3. Nc3 c6 4. cxd5 exd5 5. e3 Bd6 6. Nf3 f5 7. Bd3 Nf6 8. 0-0 0-0 9. Qc2 Ne4 10. Ne5 Nd7 11. Nxd7 Bxd7 12. f3 Qh4 13. f4 Rf6 14. Bxe4 fxe4 15. Qf2 Qh5 16. Bd2 Rg6 17. g3 Bg4 18. h4 Bf3 19. Qh2 Be7 20. Kf2 Rxg3 21. Rg1 Rg4 22. Rxg4 Bxg4 23. Rg1 Rf8 24. Kf1 Kh8 25. Be1 g5 26. Qg3 gxf4 27. exf4 Bd6 28. Bd2 Rg8 29. Ke1 Qf5 30. Be3 a5 31. a3 b5 32. Kd2 b4 33. Nb1 h5 34. a4 Qc8 35. Qe1 Qa6 36. Qf1 Qb6 37. b3 Qd8 38. Qf2 Be7 39. Rh1 Qd7 40. Kc2 Bf3 41. Rh2 Qg4 42. Nd2 Qg3 43. Qxg3 Rxg3 44. f5 Kg8 45. Bf4 Rg4 46. Bg5 Bxg5 47. hxg5 Rxg5 48. f6 Kf7 49. Rf2 Rf5 50. Nxf3 exf3 51. Kd3 Kxf6 52. Ke3 Kg5 53. Rxf3 Rxf3+ 54. Kxf3 Kf5 0-1

[Event "Bad Woerishofen Seniors op 28th"]
[Site "Bad Woerishofen"]
[Date "2012.03.03"]
[Round "2.56"]
[White "Fischer, Manfred3333"]
[Black "Walther, Margareta"]
[Result "1-0"]
[WhiteElo "1607"]
[BlackElo "1438"]
[PlyCount "61"]
[EventDate "2012.03.02"]
[EventType "swiss"]
[EventRounds "9"]
[EventCountry "GER"]
[SourceTitle "EXT 2022"]
[Source "ChessBase"]
[SourceDate "2021.10.06"]
[SourceVersion "1"]
[SourceVersionDate "2021.10.06"]
[SourceQuality "1"]

1. Nc3 c5 2. d4 cxd4 3. Qxd4 Nc6 4. Qa4 Nf6 5. Bf4 a6 6. e4 d6 7. Nf3 Bd7 8. Qb3 Qc7 9. Nd5 Nxd5 10. exd5 Ne5 11. 0-0-0 g6 12. Nd4 Bg7 13. h3 Rc8 14. Bd2 0-0 15. Bc3 Qb8 16. f4 Bh6 17. Bd2 Nc6 18. dxc6 Bxc6 19. Nxc6 Rxc6 20. Bd3 Rfc8 21. f5 Bg7 22. fxg6 hxg6 23. Bxg6 Rc4 24. Bd3 Rd4 25. Bc3 Rxc3 26. bxc3 Rf4 27. Rhf1 Rxf1 28. Rxf1 e6 29. Bxa6 Qc7 30. Qxb7 Qxc3 31. Qc8+ 1-0

[Event "Bayern-ch Seniors 23rd"]
[Site "Bergen"]
[Date "2011.05.28"]
[Round "1"]
[White "Meinke, Dietlind"]
[Black "Walther, Margareta"]
[Result "0-1"]
[WhiteElo "1773"]
[BlackElo "1376"]
[PlyCount "116"]
[EventDate "2011.05.28"]
[EventType "swiss"]
[EventRounds "9"]
[EventCountry "GER"]
[SourceTitle "EXT 2012"]
[Source "ChessBase"]
[SourceDate "2011.11.24"]
[SourceVersion "1"]
[SourceVersionDate "2011.11.24"]
[SourceQuality "1"]

1. e4 c5 2. Nc3 Nc6 3. f4 e6 4. Nf3 d6 5. Bb5 Bd7 6. d3 Be7 7. 0-0 a6 8. Bxc6 Bxc6 9. Qe1 Nf6 10. Bd2 Qc7 11. Rb1 0-0 12. Qg3 Nd7 13. Ng5 Bxg5 14. Qxg5 f6 15. Qg4 f5 16. Qh3 Rf6 17. Qe3 Raf8 18. Ne2 Rh6 19. Bc3 Nf6 20. Bxf6 Rfxf6 21. Rbe1 Qe7 22. Ng3 fxe4 23. Nxe4 Rf5 24. Ng5 Rff6 25. f5 e5 26. Ne4 Bxe4 27. dxe4 Rf7 28. Rf3 b5 29. Rd1 Kf8 30. Rd5 Rff6 31. Qg5 Qf7 32. Qd2 Ke7 33. g4 Qf8 34. g5 Rhg6 35. Rg3 Rxf5 36. exf5 Qxf5 37. Qf2 Qe6 38. Qd2 Qf5 39. Rdd3 e4 40. Ra3 d5 41. Qf2 Qc8 42. Qf4 Qc6 43. Rae3 c4 44. Qe5+ Qe6 45. Qxe6+ Kxe6 46. c3 Ke5 47. Re2 Kf4 48. Rf2+ Ke5 49. h4 h6 50. Kf1 d4 51. cxd4+ Kxd4 52. Rd2+ Ke5 53. Rdg2 Kf4 54. gxh6 Rxh6 55. Rxg7 Rxh4 56. Rf2+ Ke3 57. Re2+ Kd4 58. Rd7+ Kc5 0-1

[Event "GER-chT2 (Women) 0405"]
[Site "Germany"]
[Date "2004.12.05"]
[Round "4"]
[White "Walther, Margareta"]
[Black "Guhr, Katja"]
[Result "0-1"]
[WhiteElo "1363"]
[BlackElo "1639"]
[PlyCount "84"]
[EventDate "2004.11.06"]
[EventType "team"]
[EventRounds "9"]
[EventCountry "GER"]
[SourceTitle "EXT 2006"]
[Source "ChessBase"]
[SourceDate "2005.11.24"]
[SourceVersion "1"]
[SourceVersionDate "2005.11.24"]
[SourceQuality "1"]

1. e4 e5 2. Nf3 Nc6 3. Bc4 Bc5 4. 0-0 Nf6 5. d3 h6 6. h3 0-0 7. a3 a5 8. Nc3 d6 9. Ne2 Ne7 10. Be3 Ng6 11. Ng3 Bd7 12. Bxc5 dxc5 13. Qd2 Qc8 14. Rae1 Bxh3 15. Kh2 Bxg2 16. Ng1 Bxf1 17. Rxf1 Ng4+ 18. Kh1 Qd8 19. Nf5 Nh4 20. Ng3 Qg5 21. Qe2 Qf4 22. a4 Rad8 23. Qe1 Nf3 24. Qe2 Nxg1 25. Kxg1 Rd6 26. Kg2 Rf6 27. c3 h5 28. Rh1 Qxf2+ 29. Qxf2 Rxf2+ 30. Kg1 Rxb2 31. Rxh5 Rb1+ 32. Kg2 Ne3+ 33. Kf2 Nxc4 34. dxc4 f6 35. Rh3 Ra1 36. Nf5 Rxa4 37. Rg3 Rf7 38. Nh6+ Kf8 39. Nf5 Rxc4 40. Rh3 Ke8 41. Ne3 Rxc3 42. Rh8+ Kd7 0-1

[Event "Bayern-ch (Women) 73rd"]
[Site "Pfarrkirchen"]
[Date "2002.??.??"]
[Round "3"]
[White "Walther, Margareta"]
[Black "Zabarska, Natalia"]
[Result "0-1"]
[WhiteElo "1386"]
[BlackElo "1562"]
[PlyCount "42"]
[EventDate "2002.08.24"]
[EventType "swiss"]
[EventRounds "9"]
[EventCountry "GER"]
[SourceTitle "EXT 2015"]
[Source "ChessBase"]
[SourceDate "2014.11.20"]
[SourceVersion "1"]
[SourceVersionDate "2014.11.20"]
[SourceQuality "1"]

1. e4 e5 2. Nc3 Nc6 3. Bc4 Nf6 4. d3 h6 5. a3 Bc5 6. Be3 Bb6 7. Nf3 d6 8. h3 0-0 9. 0-0 Be6 10. Bxe6 fxe6 11. Bxb6 axb6 12. Nb5 Ne7 13. c4 Ng6 14. Nc3 Qe8 15. b4 Nf4 16. d4 Qg6 17. Nh4 Qg5 18. g3 Nxh3+ 19. Kh2 Nxf2 20. Rxf2 Ng4+ 21. Kg1 Nxf2 0-1

[Event "Bayern-ch (Women) 71st"]
[Site "Bad Koenigshofen"]
[Date "2000.09.02"]
[Round "9"]
[White "Lorenz, Oda"]
[Black "Walther, Margareta"]
[Result "1-0"]
[WhiteElo "1833"]
[BlackElo "1388"]
[PlyCount "39"]
[EventDate "2000.08.26"]
[EventType "swiss"]
[EventRounds "9"]
[EventCountry "GER"]
[SourceTitle "EXT 2015"]
[Source "ChessBase"]
[SourceDate "2014.11.20"]
[SourceVersion "1"]
[SourceVersionDate "2014.11.20"]
[SourceQuality "1"]

1. e4 c5 2. d4 cxd4 3. c3 dxc3 4. Nxc3 a6 5. Bc4 e6 6. Nf3 Nc6 7. 0-0 d6 8. h3 Be7 9. Qe2 Nf6 10. Rd1 0-0 11. e5 Ne8 12. exd6 Bxd6 13. Ne4 Qc7 14. Nxd6 Nxd6 15. Bf4 Re8 16. Rac1 Qe7 17. Bb3 h6 18. Rc3 Na5 19. Re3 Nxb3 20. Bxd6 1-0

[Event "Bayern-ch (Women) 71st"]
[Site "Bad Koenigshofen"]
[Date "2000.08.31"]
[Round "7"]
[White "Hepting, Olga"]
[Black "Walther, Margareta"]
[Result "1/2-1/2"]
[WhiteElo "1028"]
[BlackElo "1388"]
[PlyCount "58"]
[EventDate "2000.08.26"]
[EventType "swiss"]
[EventRounds "9"]
[EventCountry "GER"]
[SourceTitle "EXT 2015"]
[Source "ChessBase"]
[SourceDate "2014.11.20"]
[SourceVersion "1"]
[SourceVersionDate "2014.11.20"]
[SourceQuality "1"]

1. e4 c5 2. c3 Nc6 3. Nf3 d6 4. h3 Nf6 5. Qc2 e6 6. d4 cxd4 7. cxd4 a6 8. Nc3 b5 9. Be3 Bb7 10. a3 Rc8 11. Bd3 g6 12. Rc1 Bg7 13. 0-0 0-0 14. Qe2 Ne7 15. Bd2 Nh5 16. Nh2 d5 17. e5 f5 18. Qe1 f4 19. Bc2 Nf5 20. Bxf5 Rxf5 21. g4 fxg3 22. fxg3 Rxf1+ 23. Kxf1 Qf8+ 24. Kg2 Bh8 25. Qf1 Qxf1+ 26. Rxf1 Rf8 27. Rxf8+ Kxf8 28. g4 Ng7 29. b4 Kf7 1/2-1/2

[Event "Bayern-ch (Women) 71st"]
[Site "Bad Koenigshofen"]
[Date "2000.08.28"]
[Round "4"]
[White "Walther, Margareta"]
[Black "Weiss, Monika"]
[Result "0-1"]
[WhiteElo "1388"]
[BlackElo "1624"]
[PlyCount "102"]
[EventDate "2000.08.26"]
[EventType "swiss"]
[EventRounds "9"]
[EventCountry "GER"]
[SourceTitle "EXT 2015"]
[Source "ChessBase"]
[SourceDate "2014.11.20"]
[SourceVersion "1"]
[SourceVersionDate "2014.11.20"]
[SourceQuality "1"]

1. e4 d6 2. Nf3 c5 3. Nc3 Nc6 4. d4 cxd4 5. Nxd4 e5 6. Nf3 Nf6 7. h3 Be7 8. Bc4 0-0 9. 0-0 a6 10. a3 b5 11. Ba2 Ra7 12. Qd3 h6 13. Nd5 Nxd5 14. Bxd5 Nb8 15. Be3 Rd7 16. Nh2 Bb7 17. Ba2 d5 18. Bxd5 Bxd5 19. exd5 Rxd5 20. Qe2 Qc7 21. Rac1 Rfd8 22. Ng4 f5 23. Nxe5 Qxe5 24. f4 Qxb2 25. Bb6 Bc5+ 26. Bxc5 Rxc5 27. Qf2 Qxa3 28. Rb1 Qc3 29. Qh4 Qd4+ 30. Kh2 Rxc2 31. Rbd1 Rd2 32. Rxd2 Qxd2 33. Rf2 Qa5 34. Qe7 Qb6 35. Re2 Rf8 36. Re6 Qd8 37. Qc5 Nd7 38. Qc3 Rf6 39. Qb3 Kh7 40. Qe3 Rxe6 41. Qxe6 Nf8 42. Qxa6 Qb8 43. Kg3 b4 44. Qd3 g6 45. Qb3 Qb7 46. h4 Qe7 47. Qd5 Qe3+ 48. Kh2 Qxf4+ 49. Kg1 Kg7 50. Qb7+ Kf6 51. Qb6+ Ne6 0-1

[Event "Bayern-ch (Women) 71st"]
[Site "Bad Koenigshofen"]
[Date "2000.08.26"]
[Round "1"]
[White "Walther, Margareta"]
[Black "Piochacz, Petra"]
[Result "0-1"]
[WhiteElo "1388"]
[BlackElo "1657"]
[PlyCount "64"]
[EventDate "2000.08.26"]
[EventType "swiss"]
[EventRounds "9"]
[EventCountry "GER"]
[SourceTitle "EXT 2015"]
[Source "ChessBase"]
[SourceDate "2014.11.20"]
[SourceVersion "1"]
[SourceVersionDate "2014.11.20"]
[SourceQuality "1"]

1. e4 c5 2. Nf3 d6 3. d4 cxd4 4. Nxd4 Nf6 5. Nc3 Nbd7 6. Be2 a6 7. Be3 e6 8. f4 Qc7 9. g4 Nc5 10. Bf3 g6 11. h4 h5 12. g5 Nfd7 13. Qd2 Nb6 14. Be2 Bd7 15. Nb3 Nxb3 16. axb3 Bg7 17. Bd4 Bxd4 18. Qxd4 e5 19. fxe5 dxe5 20. Qe3 0-0 21. Rf1 Be6 22. Rc1 Rad8 23. Rf6 Rd4 24. Bxh5 Nd7 25. Rxe6 fxe6 26. Bxg6 Nc5 27. Rd1 Qg7 28. Bh5 Qh7 29. Qe2 Rf4 30. Rxd4 exd4 31. g6 Qg7 32. Nd1 Rxe4 0-1